Vallas y ventanas: despachos desde las trincheras del debate sobre la globalización
Salvato in:
| Autore principale: | |
|---|---|
| Natura: | Libro |
| Lingua: | spagnolo |
| Pubblicazione: |
Buenos Aires
Paidós
2002
|
| Edizione: | 1a. ed |
| Serie: | Contextos,80
|
| Soggetti: | |
| Tags: |
Aggiungi Tag
Nessun Tag, puoi essere il primo ad aggiungerne!!
|
MARC
| LEADER | 00000cam a2200000 a 4500 | ||
|---|---|---|---|
| 001 | UCF9034 | ||
| 003 | CL-VaPUC | ||
| 008 | 131018e20020000ag |||||||||||||||||spa|d | ||
| 020 | |a 9501269809 | ||
| 082 | 0 | 4 | |a 320.01 |b KLE |2 21 |
| 100 | |a Klein, Naomi |e autor |9 580451 | ||
| 245 | 1 | 0 | |a Vallas y ventanas: despachos desde las trincheras del debate sobre la globalización |
| 250 | |a 1a. ed | ||
| 300 | |a 262 p | ||
| 942 | |c BK | ||
| 945 | |d 20131018 14:00:00 |a dcastane | ||
| 260 | |a Buenos Aires |b Paidós |c 2002 | ||
| 650 | 7 | |a FILOSOFIA POLITICA |2 CL-VaPUC |9 571196 | |
| 650 | 0 | |a Globalización |9 361930 | |
| 650 | 0 | |a Crítica e interpretación |9 255042 | |
| 583 | |a last modification |c 20131018 14:00:00 |k Rodrigo Vera | ||
| 490 | 0 | |a Contextos,80 | |
| 999 | |c 353519 |d 353517 | ||
| 952 | |0 0 |1 0 |3 erb |4 0 |6 320_010000000000000_KLE_2002 |7 0 |8 A |9 458833 |a BIBEDU |b BIBEDU |d 2019-11-23 |i 5019478 |o 320.01 KLE 2002 |p 5019478 |r 2019-11-23 |w 2019-11-23 |y BK |z Catalogado en:20131018 |k PSI | ||